000 00510nam a2200181Ia 4500
003 GCL
008 140319s9999 xx 000 0 eng d
040 _aGCL /
_cGCL
082 0 4 _a643.7
_bB G
100 1 _aBRANSON, GARY D.
245 1 0 _aGARY BRANSON'S HOME REPAIRS AND IMPROVEMENTS ON A BUDGET, 1ST ED /
_cBRANSON, GARY D.
260 _a[S.N] :
_bBETTERWAY BOOKS ،
_c1994
650 0 4 _aHOUSEHOLD SURVEYS
650 0 4 _aPAINTING
650 0 4 _aHEATING CONTROL
650 0 4 _aHOME REPAIRS
942 _2ddc
_cBK
999 _c21753
_d21753